Facultad de Derecho – Universidad Nacional de Mar del Plata

A que esto no lo sabia : (Record no. 2461)

MARC details
000 -LEADER
fixed length control field 00666cam a22002417a 4500
001 - CONTROL NUMBER
control field 002471
003 - CONTROL NUMBER IDENTIFIER
control field armpunfd
005 - DATE AND TIME OF LATEST TRANSACTION
control field 20140612090709.0
008 - FIXED-LENGTH DATA ELEMENTS--GENERAL INFORMATION
fixed length control field 120615e2012#xx#a##########000#0##nd#d
020 ## - INTERNATIONAL STANDARD BOOK NUMBER
International Standard Book Number 9789870257301
040 ## - CATALOGING SOURCE
Original cataloging agency armpunfd
Transcribing agency armpunfd
080 ## - UNIVERSAL DECIMAL CLASSIFICATION NUMBER
Universal Decimal Classification number 347 R 246
100 10 - MAIN ENTRY--PERSONAL NAME
Personal name Rech, Ramiro Rene.
245 10 - TITLE STATEMENT
Title A que esto no lo sabia :
Remainder of title ALGUNAS CUESTIONES LEGALES QUE NO PUEDE DESCONOCER.
260 ## - PUBLICATION, DISTRIBUTION, ETC. (IMPRINT)
Place of publication, distribution, etc Buenos Aires :
Name of publisher, distributor, etc Dunken,
Date of publication, distribution, etc 2012.
300 ## - PHYSICAL DESCRIPTION
Extent 143 p.
650 #7 - SUBJECT ADDED ENTRY--TOPICAL TERM
Topical term or geographic name as entry element Derecho Civil
Source of heading or term LEMB
650 #7 - SUBJECT ADDED ENTRY--TOPICAL TERM
Topical term or geographic name as entry element Desalojos
Source of heading or term LEMB
650 #7 - SUBJECT ADDED ENTRY--TOPICAL TERM
Topical term or geographic name as entry element Familia
Source of heading or term LEMB
650 #7 - SUBJECT ADDED ENTRY--TOPICAL TERM
Topical term or geographic name as entry element Sucesiones
Source of heading or term LEMB
942 ## - ADDED ENTRY ELEMENTS (KOHA)
Koha item type LIBRO
Source of classification or shelving scheme
945 ## - LOCAL PROCESSING INFORMATION (OCLC)
a Catalis
d 2010-08-19
Holdings
Withdrawn status Lost status Source of classification or shelving scheme Damaged status Not for loan Home library Current library Shelving location Date acquired Total Checkouts Full call number Barcode Date last seen Date checked out Price effective from Koha item type
          Bib. Derecho Bib. Derecho Sector Prestamo 12/06/2014 2 347 R 246 202549 20/05/2019 17/05/2019 12/06/2014 LIBRO

XHTML | CSS | ©Biblioteca Central - Dto. Tecnología de la Información - [ Con tecnología Koha ]